[Event "Cto. FACV Ind. Segunda Valencia 2014"]
[Site "Valencia ESP"]
[Date "2014.10.04"]
[Round "2.5"]
[White "Asins Munoz, Miguel"]
[Black "Moyano Gala, Jose"]
[Result "0-1"]
[WhiteElo "1331"]
[BlackElo "1584"]
[PlyCount "110"]
[EventDate "2014.09.27"]
[EventType "swiss"]
[EventRounds "7"]
[EventCountry "ESP"]
[Source "lmi"]
[SourceDate "2014.09.27"]

1. g3 e5 2. e3 d5 3. Ne2 Nf6 4. d4 Nc6 5. c4 dxc4 6. Nec3 exd4 7. exd4 Qxd4 8.
Qxd4 Nxd4 9. Be3 Nf3+ 10. Ke2 Bg4 11. h3 Nd4+ 12. Kd2 Bf3 13. Rh2 Nc6 14. Bxc4
O-O-O+ 15. Kc2 Ne5 16. Be2 Bb4 17. a3 Ba5 18. Bf4 Nfd7 19. Bxf3 Nxf3 20. Rg2
Rhe8 21. Nd2 Ne1+ 22. Rxe1 Rxe1 23. Be3 Ne5 24. f4 Rxe3 25. fxe5 Bxc3 26. Nc4
Rxe5 27. Kxc3 Rc5 28. b4 Rc6 29. b5 Rc5 30. Kb4 b6 31. a4 Rd4 32. Rc2 Kd7 33.
a5 Rcxc4+ 34. Rxc4 Rxc4+ 35. Kxc4 bxa5 36. Kb3 c6 37. Ka4 cxb5+ 38. Kxb5 a4 39.
Kxa4 Kc6 40. Kb4 Kd5 41. Ka5 Ke4 42. Ka6 Kf3 43. Kxa7 Kxg3 44. Kb7 f5 45. Kc7
f4 46. Kd7 f3 47. Ke7 f2 48. Kf7 f1=Q+ 49. Kxg7 Qf5 50. h4 Kxh4 51. Kg8 Kh5 52.
Kg7 Qf4 53. Kh8 Kg6 54. Kg8 Qf7+ 55. Kh8 Qg7# 0-1

[Event "Cto. FACV Ind. Segunda Valencia 2014"]
[Site "Valencia ESP"]
[Date "2014.10.04"]
[Round "2.7"]
[White "Garcia Bartolome, Miguel"]
[Black "Parreno Banuls, Raul"]
[Result "1-0"]
[WhiteElo "1578"]
[BlackElo "1267"]
[PlyCount "27"]
[EventDate "2014.09.27"]
[EventType "swiss"]
[EventRounds "7"]
[EventCountry "ESP"]
[Source "lmi"]
[SourceDate "2014.09.27"]

1. e4 e5 2. Nf3 Nc6 3. Bb5 a6 4. Ba4 Nf6 5. O-O d6 6. c3 Nxe4 7. d4 Be7 8. d5
b5 9. Bc2 Nxf2 10. Rxf2 Na5 11. a4 O-O 12. axb5 Nc4 13. Qd3 Nb6 14. Qxh7# 1-0

[Event "Cto. FACV Ind. Segunda Valencia 2014"]
[Site "Valencia ESP"]
[Date "2014.10.18"]
[Round "3.1"]
[White "Ochando Casany, Marc"]
[Black "Arance Gonzalez, Carlos"]
[Result "1-0"]
[WhiteElo "1732"]
[BlackElo "1432"]
[PlyCount "68"]
[EventDate "2014.09.27"]
[EventType "swiss"]
[EventRounds "7"]
[EventCountry "ESP"]
[Source "lmi"]
[SourceDate "2014.09.27"]

1. e4 e5 2. Nf3 Nc6 3. d4 d5 4. exd5 Nxd4 5. Nxd4 Qxd5 6. Nb3 Qxd1+ 7. Kxd1 Bf5
8. Bd3 O-O-O 9. Ke2 e4 10. Bc4 Rd7 11. h3 Nf6 12. Nc3 h5 13. a3 Be7 14. Be3 Be6
15. Bxe6 fxe6 16. Rad1 Rhd8 17. Rxd7 Rxd7 18. Rd1 Nd5 19. Nxe4 b6 20. c4 Nf6
21. Rxd7 Nxd7 22. Bg5 Bd6 23. Nxd6+ cxd6 24. Nd4 Ne5 25. b3 Kd7 26. Bf4 Nf7 27.
Bh2 g5 28. Nb5 a6 29. Nc3 Kc6 30. f4 d5 31. f5 exf5 32. Nxd5 Kc5 33. Bg1+ Kd6
34. Bxb6 Ne5 1-0

[Event "Cto. FACV Ind. Segunda Valencia 2014"]
[Site "Valencia ESP"]
[Date "2014.10.18"]
[Round "3.2"]
[White "Saugar Rodriguez, Francisco"]
[Black "Garcia De La Fuente, Alvaro"]
[Result "1-0"]
[WhiteElo "1620"]
[BlackElo "1421"]
[PlyCount "78"]
[EventDate "2014.09.27"]
[EventType "swiss"]
[EventRounds "7"]
[EventCountry "ESP"]
[Source "lmi"]
[SourceDate "2014.09.27"]

1. d4 d5 2. c4 c6 3. c5 Nf6 4. Nf3 Bf5 5. Nc3 g6 6. Nh4 Bd7 7. e3 Bg7 8. Be2
O-O 9. O-O b6 10. b4 b5 11. a4 bxa4 12. Rxa4 Qc7 13. g3 Bh3 14. Ng2 e5 15. Bd2
Nbd7 16. b5 exd4 17. exd4 Ne4 18. Nxe4 dxe4 19. Bf4 Qb7 20. bxc6 Qxc6 21. Ra6
Qd5 22. Rd6 Qf5 23. Ne3 Bxf1 24. Nxf5 Bxe2 25. Ne7+ Kh8 26. Qxe2 Nf6 27. Be5
Ne8 28. Bxg7+ Kxg7 29. Qxe4 Nxd6 30. Qe5+ Kh6 31. Qxd6 Rad8 32. Qf4+ Kg7 33. c6
Rfe8 34. c7 Rc8 35. Nxc8 Rxc8 36. d5 Kf8 37. d6 Ke8 38. Qe5+ Kd7 39. Qe7+ Kc6
1-0

[Event "Cto. FACV Ind. Segunda Valencia 2014"]
[Site "Valencia ESP"]
[Date "2014.10.18"]
[Round "3.3"]
[White "Moyano Gala, Jose"]
[Black "Munera Agis, Juan"]
[Result "1-0"]
[WhiteElo "1584"]
[BlackElo "1381"]
[PlyCount "89"]
[EventDate "2014.09.27"]
[EventType "swiss"]
[EventRounds "7"]
[EventCountry "ESP"]
[Source "lmi"]
[SourceDate "2014.09.27"]

1. e4 d6 2. d4 e6 3. Nf3 Nc6 4. Nc3 d5 5. Bd3 Bb4 6. Bd2 Nf6 7. exd5 Nxd5 8.
Ne4 Bxd2+ 9. Qxd2 h6 10. O-O Qe7 11. a3 Bd7 12. Rfe1 f5 13. Ng3 f4 14. Ne2 O-O
15. c4 Nf6 16. Nxf4 Qf7 17. Bg6 Qe7 18. Ne5 Nxe5 19. Rxe5 Ng4 20. Re2 Qf6 21.
Re4 Bc6 22. d5 exd5 23. cxd5 Bd7 24. Rae1 Bf5 25. Bxf5 Qxf5 26. Nh3 Nxf2 27.
Nxf2 Rf6 28. Re8+ Rxe8 29. Rxe8+ Kh7 30. Qd3 Qxd3 31. Nxd3 Rd6 32. Nf4 c6 33.
dxc6 Rxc6 34. Re7 Rc1+ 35. Kf2 Rc2+ 36. Re2 Rc4 37. Ne6 g5 38. Nd8 Rf4+ 39. Kg3
b6 40. Re7+ Kg6 41. Rxa7 h5 42. Rg7+ Kxg7 43. Ne6+ Kg6 44. Nxf4+ gxf4+ 45. Kxf4
1-0

[Event "Cto. FACV Ind. Segunda Valencia 2014"]
[Site "Valencia ESP"]
[Date "2014.10.18"]
[Round "3.4"]
[White "Soto Soriano, Eugenio"]
[Black "Garcia Bartolome, Miguel"]
[Result "0-1"]
[WhiteElo "1377"]
[BlackElo "1578"]
[PlyCount "64"]
[EventDate "2014.09.27"]
[EventType "swiss"]
[EventRounds "7"]
[EventCountry "ESP"]
[Source "lmi"]
[SourceDate "2014.09.27"]

1. e4 c5 2. Bc4 d6 3. d3 Nc6 4. a3 e6 5. Nc3 Nge7 6. Nf3 g6 7. Be3 d5 8. exd5
exd5 9. Ba2 d4 10. Ng5 Be6 11. Nce4 Nd5 12. Nxe6 fxe6 13. Bxd5 exd5 14. Nf6+
Qxf6 15. Bd2 Qe5+ 16. Kf1 O-O-O 17. Qg4+ Qf5 18. Qd1 Bd6 19. b4 Rhf8 20. f3 c4
21. b5 Ne5 22. Bb4 Ng4 23. Qb1 Ne3+ 24. Kf2 Qg5 25. g3 Qh5 26. f4 g5 27. Bxd6
Rxd6 28. Qb4 Rdd8 29. Qc5+ Kb8 30. Qxd4 gxf4 31. gxf4 Nxc2 32. Qc3 Rxf4+ 0-1

[Event "Cto. FACV Ind. Segunda Valencia 2014"]
[Site "Valencia ESP"]
[Date "2014.10.18"]
[Round "3.5"]
[White "Guardiola Guillot, Lucas"]
[Black "Sospedra Escat, Francisco"]
[Result "1-0"]
[WhiteElo "1544"]
[BlackElo "1216"]
[PlyCount "75"]
[EventDate "2014.09.27"]
[EventType "swiss"]
[EventRounds "7"]
[EventCountry "ESP"]
[Source "lmi"]
[SourceDate "2014.09.27"]

1. e4 e5 2. Nf3 Nc6 3. Nc3 Nf6 4. d4 exd4 5. Nxd4 Bb4 6. Nxc6 bxc6 7. Bg5 h6 8.
Bh4 O-O 9. Bd3 Be7 10. O-O d6 11. h3 Re8 12. f4 Bd7 13. Qf3 Nh7 14. Bxe7 Qxe7
15. e5 dxe5 16. fxe5 Rf8 17. Rad1 Ng5 18. Qf4 Bxh3 19. Ne4 Bc8 20. Nxg5 Qxg5
21. Qe4 Qg6 22. Qc4 Qe6 23. Qe4 Qg6 24. Qxg6 fxg6 25. Bxg6 Rxf1+ 26. Kxf1 Ba6+
27. Kf2 Bc4 28. Rd7 Bxa2 29. b3 Bb1 30. e6 Rf8+ 31. Kg1 Bxc2 32. Bxc2 Rf6 33.
b4 Kf8 34. Bb3 Ke8 35. Rxc7 a6 36. Rxc6 Kd8 37. Rxa6 Rg6 38. e7+ 1-0

[Event "Cto. FACV Ind. Segunda Valencia 2014"]
[Site "Valencia ESP"]
[Date "2014.10.18"]
[Round "3.10"]
[White "Garcia Molina, Jose"]
[Black "Poveda Cervera, Juan Amadeo"]
[Result "1/2-1/2"]
[WhiteElo "1267"]
[BlackElo "1463"]
[PlyCount "65"]
[EventDate "2014.09.27"]
[EventType "swiss"]
[EventRounds "7"]
[EventCountry "ESP"]
[Source "lmi"]
[SourceDate "2014.09.27"]

1. d4 Nf6 2. Nf3 d6 3. Bf4 c5 4. dxc5 Qa5+ 5. c3 Qxc5 6. e3 Nh5 7. Bg3 Nxg3 8.
hxg3 g6 9. Nbd2 Bg7 10. Bc4 b5 11. Bb3 Bb7 12. Rc1 Nd7 13. O-O O-O 14. Qe2 Rac8
15. Nd4 b4 16. Ne6 fxe6 17. Bxe6+ Kh8 18. Bxd7 Rc7 19. Nb3 Qd5 20. e4 Qxe4 21.
Qxe4 Bxe4 22. Rfe1 Rxd7 23. Rxe4 bxc3 24. bxc3 Rc8 25. Nd4 d5 26. Ree1 Kg8 27.
Kf1 Kf7 28. f4 Rc4 29. Kf2 Bxd4+ 30. cxd4 Rxd4 31. Re2 Rc4 32. Rxc4 dxc4 33.
Rc2 1/2-1/2

[Event "Cto. FACV Ind. Segunda Valencia 2014"]
[Site "Valencia ESP"]
[Date "2014.10.25"]
[Round "4.1"]
[White "Guardiola Guillot, Lucas"]
[Black "Ochando Casany, Marc"]
[Result "0-1"]
[WhiteElo "1544"]
[BlackElo "1732"]
[PlyCount "68"]
[EventDate "2014.09.27"]
[EventType "swiss"]
[EventRounds "7"]
[EventCountry "ESP"]
[Source "lmi"]
[SourceDate "2014.09.27"]

1. e4 e6 2. c4 c5 3. Nc3 Nc6 4. Nf3 Nf6 5. d4 cxd4 6. Nxd4 Bc5 7. Be3 Qb6 8.
Na4 Qa5+ 9. Bd2 Bb4 10. Nxc6 dxc6 11. Bd3 Bxd2+ 12. Qxd2 Qxa4 13. Qg5 Qb4+ 14.
Kf1 O-O 15. e5 Nd7 16. Rb1 Qc5 17. f4 g6 18. h4 f6 19. Qh6 Rf7 20. h5 g5 21.
Bg6 Qxc4+ 22. Kg1 Qd4+ 23. Kf1 Qxf4+ 24. Kg1 Qd4+ 25. Kf1 Qc4+ 26. Kg1 Qc5+ 27.
Kf1 Rg7 28. exf6 Nxf6 29. Rd1 Qf8 30. Ke2 b6 31. Rdf1 Ba6+ 32. Bd3 Bxd3+ 33.
Kxd3 Rd7+ 34. Kc4 Qxh6 0-1

[Event "Cto. FACV Ind. Segunda Valencia 2014"]
[Site "Valencia ESP"]
[Date "2014.10.25"]
[Round "4.9"]
[White "Mena Sancho, Angel"]
[Black "Munera Agis, Juan"]
[Result "1-0"]
[WhiteElo "1612"]
[BlackElo "1381"]
[PlyCount "51"]
[EventDate "2014.09.27"]
[EventType "swiss"]
[EventRounds "7"]
[EventCountry "ESP"]
[Source "lmi"]
[SourceDate "2014.09.27"]

1. d4 d5 2. c4 e6 3. Bf4 Nf6 4. e3 Nc6 5. Nf3 g6 6. Nbd2 Bg7 7. h3 Nh5 8. Bh2
O-O 9. a3 Bd7 10. Bd3 Re8 11. O-O Qc8 12. c5 Bh8 13. Rb1 f6 14. Kh1 e5 15. dxe5
fxe5 16. e4 d4 17. Bc4+ Be6 18. Qb3 Rb8 19. Ng5 Bxc4 20. Qxc4+ Kg7 21. g4 Kh6
22. Nf7+ Kg7 23. gxh5 gxh5 24. Rg1+ Kf6 25. Ng5 h6 26. Qf7# 1-0

[Event "Cto. FACV Ind. Segunda Valencia 2014"]
[Site "Valencia ESP"]
[Date "2014.10.25"]
[Round "4.10"]
[White "Vivo Ippolito, Jose Vicente"]
[Black "Gimenez Moreno, Juan Francisco"]
[Result "0-1"]
[WhiteElo "1356"]
[BlackElo "1583"]
[PlyCount "102"]
[EventDate "2014.09.27"]
[EventType "swiss"]
[EventRounds "7"]
[EventCountry "ESP"]
[Source "lmi"]
[SourceDate "2014.09.27"]

1. e4 c5 2. Nf3 Nc6 3. d4 cxd4 4. Nxd4 d6 5. Nc3 a6 6. Be2 Nf6 7. O-O g6 8. Bg5
Bg7 9. Nf3 O-O 10. h3 Bd7 11. a3 h6 12. Be3 b5 13. Rb1 Qc8 14. Kh2 Rd8 15. Rg1
Qc7 16. Nd5 Qb8 17. Nh4 Nxe4 18. Nb6 Ra7 19. Nxd7 Raxd7 20. Qd5 Na7 21. Bxa7
Rxa7 22. Nxg6 Nf6 23. Qb3 d5+ 24. Kh1 fxg6 25. g4 e6 26. Bd3 Kf7 27. c3 Ne4 28.
Qc2 Qf4 29. Rg2 Rad7 30. Rf1 Qf3 31. Kg1 Be5 32. Be2 Qf4 33. Bd3 Qg5 34. Qe2
Kg7 35. Rd1 Rf8 36. Bxe4 Rdf7 37. Bc2 Bb8 38. Rf1 Rf6 39. a4 Qh4 40. axb5 Rf3
41. Qxe6 R3f6 42. Qxd5 axb5 43. Qd7+ Kh8 44. Qd4 Kh7 45. Qd7+ R8f7 46. Qxb5 Ba7
47. Bb3 Rxf2 48. Rgxf2 Bxf2+ 49. Rxf2 Qxf2+ 50. Kh1 Qe1+ 51. Kg2 Rf2+ 0-1

[Event "Cto. FACV Ind. Segunda Valencia 2014"]
[Site "Valencia ESP"]
[Date "2014.11.08"]
[Round "5.1"]
[White "Ochando Casany, Marc"]
[Black "Garcia Bartolome, Miguel"]
[Result "1-0"]
[WhiteElo "1732"]
[BlackElo "1578"]
[PlyCount "41"]
[EventDate "2014.09.27"]
[EventType "swiss"]
[EventRounds "7"]
[EventCountry "ESP"]
[Source "lmi"]
[SourceDate "2014.09.27"]

1. g3 g6 2. Bg2 Bg7 3. d4 Nf6 4. e4 d6 5. Bg5 c5 6. c3 Qb6 7. Qb3 Qxb3 8. axb3
cxd4 9. cxd4 Nc6 10. Ne2 Nd7 11. Nbc3 Nxd4 12. Nxd4 Bxd4 13. Nd5 O-O 14. Bxe7
Re8 15. Bxd6 Bb6 16. O-O Re6 17. e5 a5 18. Ne7+ Kh8 19. Bd5 Rxe7 20. Bxe7 Nxe5
21. Bf6+ 1-0

[Event "Cto. FACV Ind. Segunda Valencia 2014"]
[Site "Valencia ESP"]
[Date "2014.11.08"]
[Round "5.5"]
[White "Fernandez Gonzalez, Francisco"]
[Black "Mena Sancho, Angel"]
[Result "0-1"]
[WhiteElo "1338"]
[BlackElo "1612"]
[PlyCount "70"]
[EventDate "2014.09.27"]
[EventType "swiss"]
[EventRounds "7"]
[EventCountry "ESP"]
[Source "lmi"]
[SourceDate "2014.09.27"]

1. d4 d5 2. c4 c6 3. Nc3 Nf6 4. Nf3 dxc4 5. e3 b5 6. Be2 Bf5 7. Ne5 Nfd7 8. O-O
Nxe5 9. dxe5 Nd7 10. f4 e6 11. Bf3 Rc8 12. Ne4 Bxe4 13. Bxe4 Bc5 14. Rf3 f5 15.
Bc2 O-O 16. Rg3 Nb6 17. Bd2 Qh4 18. Qf3 Nd5 19. Kh1 g6 20. a3 Rfd8 21. Be1 Qe7
22. Rg5 Nxe3 23. Bd1 Nxd1 24. Rxd1 Rxd1 25. Qxd1 Rd8 26. Qf3 Qd7 27. Qg3 Kg7
28. h4 Qd4 29. Kh2 Qg1+ 30. Kh3 Rd3 31. Qxd3 Qh1+ 32. Kg3 Qxe1+ 33. Kh3 cxd3
34. h5 Qe3+ 35. Kh2 Qxf4+ 0-1

[Event "Cto. FACV Ind. Segunda Valencia 2014"]
[Site "Valencia ESP"]
[Date "2014.11.08"]
[Round "5.6"]
[White "Perez Estelles, Hugo"]
[Black "Lozano Bernal, Juan Jose"]
[Result "1/2-1/2"]
[WhiteElo "1292"]
[BlackElo "1586"]
[PlyCount "138"]
[EventDate "2014.09.27"]
[EventType "swiss"]
[EventRounds "7"]
[EventCountry "ESP"]
[Source "lmi"]
[SourceDate "2014.09.27"]

1. d4 Nf6 2. Nc3 d5 3. Bf4 a6 4. e3 e6 5. Nf3 h6 6. Bd3 Nc6 7. O-O g5 8. Bg3
Nh5 9. Ne2 Nxg3 10. Nxg3 Bd6 11. Ne2 g4 12. Nd2 Bd7 13. g3 Qe7 14. c3 h5 15.
Nf4 h4 16. Qxg4 O-O-O 17. Qe2 hxg3 18. fxg3 Rdg8 19. Nf3 Qe8 20. c4 Ne7 21.
cxd5 Bxf4 22. exf4 Nxd5 23. Ne5 Nf6 24. Rac1 Nd5 25. Be4 Bb5 26. Bd3 f6 27.
Bxb5 axb5 28. Nd3 Qd7 29. Nc5 Qd6 30. Qxe6+ Qxe6 31. Nxe6 b6 32. f5 Rh3 33. Nf4
Nxf4 34. Rxf4 Re8 35. Rf2 Re4 36. Rd1 Rh8 37. Rc2 Kb7 38. Rf2 Rd8 39. Rfd2 Re7
40. b4 Rd5 41. g4 Red7 42. Kf2 Re7 43. Kf3 Red7 44. h4 c5 45. Ke4 Kc6 46. bxc5
bxc5 47. Rd3 c4 48. Rc3 Ra7 49. a3 Re7+ 50. Kf4 Re2 51. h5 Rd8 52. Kf3 Rh2 53.
Kg3 Re2 54. a4 Rde8 55. axb5+ Kd5 56. Kf3 Rb2 57. Re3 Rb3 58. Rxb3 cxb3 59. Kf4
Re4+ 60. Kf3 Rxd4 61. Rxd4+ Kxd4 62. h6 b2 63. h7 b1=Q 64. h8=Q Qe4+ 65. Kg3
Qe1+ 66. Kf3 Qe3+ 67. Kg2 Qe4+ 68. Kg3 Qe5+ 69. Kg2 Qe4+ 1/2-1/2

[Event "Cto. FACV Ind. Segunda Valencia 2014"]
[Site "Valencia ESP"]
[Date "2014.11.08"]
[Round "5.8"]
[White "Garcia Molina, Jose"]
[Black "Guardiola Guillot, Lucas"]
[Result "1-0"]
[WhiteElo "1267"]
[BlackElo "1544"]
[PlyCount "67"]
[EventDate "2014.09.27"]
[EventType "swiss"]
[EventRounds "7"]
[EventCountry "ESP"]
[Source "lmi"]
[SourceDate "2014.09.27"]

1. d4 d5 2. Nf3 Nf6 3. Bf4 Bf5 4. c4 e6 5. Qb3 b6 6. Nc3 c6 7. e3 Bd6 8. Bg3
O-O 9. Be2 Bxg3 10. hxg3 Nbd7 11. Nh4 Bg4 12. Qd1 Bxe2 13. Qxe2 Qe7 14. a3 a6
15. Qc2 dxc4 16. Nf3 g6 17. O-O-O Nd5 18. Rh3 b5 19. Rdh1 N7f6 20. Ne5 Rac8 21.
g4 Kg7 22. g5 Nh5 23. g4 f6 24. gxh5 fxe5 25. hxg6 Qxg5 26. gxh7 Rh8 27. Rg3
Qxg3 28. fxg3 Nxe3 29. Qd2 Nf5 30. Qg5+ Kf7 31. dxe5 Ke8 32. Qg8+ Kd7 33. Qf7+
Kd8 34. Rd1+ 1-0

[Event "Cto. FACV Ind. Segunda Valencia 2014"]
[Site "Valencia ESP"]
[Date "2014.11.15"]
[Round "6.2"]
[White "Mena Sancho, Angel"]
[Black "Trigueros Torres, Noel"]
[Result "1/2-1/2"]
[WhiteElo "1612"]
[BlackElo "1689"]
[PlyCount "70"]
[EventDate "2014.09.27"]
[EventType "swiss"]
[EventRounds "7"]
[EventCountry "ESP"]

1. e4 c5 2. Nf3 g6 3. d4 cxd4 4. Nxd4 Bg7 5. Nc3 Nc6 6. Be3 Nf6 7. Bc4 Qa5 8.
O-O d6 9. a3 O-O 10. b4 Qd8 11. h3 a6 12. Qd2 Bd7 13. Rad1 Rc8 14. Bb3 b5 15.
f4 Qc7 16. f5 Ne5 17. Nde2 Nc4 18. Qc1 Qb7 19. fxg6 hxg6 20. Nd5 Bc6 21. Bxc4
bxc4 22. Bh6 Nxd5 23. Bxg7 Kxg7 24. exd5 Bxd5 25. Qg5 Be6 26. c3 f6 27. Qg3 Rh8
28. Nd4 Bd7 29. Rde1 e5 30. Nf5+ Bxf5 31. Rxf5 Kf7 32. Rf2 d5 33. Qxe5 f5 34.
Qe6+ Kg7 35. Qe5+ Kf7 1/2-1/2

[Event "Cto. FACV Ind. Segunda Valencia 2014"]
[Site "Valencia ESP"]
[Date "2014.11.15"]
[Round "6.7"]
[White "Poveda Cervera, Juan Amadeo"]
[Black "Herrero Garcia, Marcos"]
[Result "1/2-1/2"]
[WhiteElo "1463"]
[BlackElo "1634"]
[PlyCount "76"]
[EventDate "2014.09.27"]
[EventType "swiss"]
[EventRounds "7"]
[EventCountry "ESP"]

1. e4 e5 2. Nf3 d6 3. d4 exd4 4. Nxd4 Nf6 5. Nc3 Be7 6. Bd3 a6 7. a4 Nbd7 8.
O-O Nc5 9. Re1 O-O 10. Bf1 Ne6 11. Nf5 h6 12. Nd5 Re8 13. Nfxe7+ Rxe7 14. Nxe7+
Qxe7 15. e5 dxe5 16. Rxe5 Nh7 17. Bc4 Qf6 18. Re2 Nhf8 19. c3 Bd7 20. Be3 Rd8
21. Rd2 Qh4 22. Bxe6 fxe6 23. Qc2 Re8 24. Rd4 Qh5 25. Rad1 Bc6 26. f3 Qc5 27.
Qf2 Qe7 28. Rg4 Qf6 29. Rf4 Qe7 30. Bc5 Qg5 31. Rxf8+ Rxf8 32. Bxf8 Kxf8 33. b3
a5 34. Qd4 Kf7 35. Kf2 Bd5 36. c4 Bc6 37. Qd8 Qc5+ 38. Qd4 Qf5 1/2-1/2

[Event "Cto. FACV Ind. Segunda Valencia 2014"]
[Site "Valencia ESP"]
[Date "2014.11.15"]
[Round "6.8"]
[White "Seguil Sandoval, Pedro"]
[Black "Mora Bort, Miguel Angel"]
[Result "1-0"]
[WhiteElo "1630"]
[BlackElo "1332"]
[PlyCount "49"]
[EventDate "2014.09.27"]
[EventType "swiss"]
[EventRounds "7"]
[EventCountry "ESP"]

1. e4 e6 2. d4 d5 3. Nc3 Nf6 4. exd5 exd5 5. Nf3 Bd6 6. Bg5 c6 7. Be2 O-O 8.
O-O Bf5 9. Ne5 Nbd7 10. f4 Qc7 11. Nxd7 Nxd7 12. g4 Be4 13. Nxe4 dxe4 14. Qd2
Rfe8 15. Qe3 c5 16. c3 cxd4 17. cxd4 Qb6 18. f5 Rac8 19. b3 f6 20. Bf4 Bxf4 21.
Rxf4 Re5 22. Rxe4 Rxe4 23. Qxe4 Ne5 24. Kg2 Nc6 25. Qe6+ 1-0

[Event "Cto. FACV Ind. Segunda Valencia 2014"]
[Site "Valencia ESP"]
[Date "2014.11.15"]
[Round "6.9"]
[White "Saugar Rodriguez, Francisco"]
[Black "Perez Estelles, Hugo"]
[Result "1-0"]
[WhiteElo "1620"]
[BlackElo "1292"]
[PlyCount "69"]
[EventDate "2014.09.27"]
[EventType "swiss"]
[EventRounds "7"]
[EventCountry "ESP"]

1. c4 c5 2. Nc3 d6 3. Nf3 Nc6 4. d3 Bg4 5. g3 e6 6. Bg2 Nf6 7. a3 a5 8. Ng5 d5
9. cxd5 Nxd5 10. Qa4 Rc8 11. Nxd5 exd5 12. Qxg4 h5 13. Qf3 f6 14. Qe3+ Be7 15.
Ne6 Qd7 16. Nxc5 Qc7 17. Bxd5 Qb6 18. Bf7+ Kxf7 19. Qe6+ Kg6 20. Qe4+ Kf7 21.
Ne6 Ne5 22. Nf4 Rc5 23. d4 Rc4 24. Qd5+ Ke8 25. dxe5 Rc5 26. Qd3 Rxe5 27. Ng6
Qc6 28. O-O Rd5 29. Qe4 Qd6 30. Nxe7 Re5 31. Qg6+ Kf8 32. Nf5 Qd7 33. Ne3 Rg5
34. Qd3 Qc8 35. Rd1 1-0

[Event "Cto. FACV Ind. Segunda Valencia 2014"]
[Site "Valencia ESP"]
[Date "2014.11.22"]
[Round "7.2"]
[White "Ochando Casany, Marc"]
[Black "Martinez Robles, Pablo Javier"]
[Result "0-1"]
[WhiteElo "1732"]
[BlackElo "1474"]
[PlyCount "100"]
[EventDate "2014.09.27"]
[EventType "swiss"]
[EventRounds "7"]
[EventCountry "ESP"]

1. g3 e5 2. Bg2 Bc5 3. e3 Nc6 4. Ne2 Nf6 5. d4 exd4 6. exd4 Bb6 7. O-O d6 8. c3
O-O 9. Bg5 h6 10. Bf4 Bg4 11. f3 Bf5 12. Na3 Qe7 13. g4 Bh7 14. Ng3 Nd5 15. Re1
Qd7 16. Bd2 Nxd4 17. Kh1 Nb5 18. Nc4 Bf2 19. Re2 Bxg3 20. hxg3 Bd3 21. Re1 Bxc4
22. a4 Nbxc3 23. bxc3 Rae8 24. Qc2 Rxe1+ 25. Rxe1 Re8 26. Re4 Rxe4 27. fxe4 Nf6
28. g5 hxg5 29. Bxg5 Ng4 30. Bf4 Bd3 31. Qa2 Qc6 32. Qb2 Bxe4 33. a5 Bxg2+ 34.
Qxg2 Qxg2+ 35. Kxg2 Kf8 36. Kf3 Nf6 37. Be3 a6 38. Ba7 Ke7 39. c4 d5 40. c5 c6
41. Bb8 Ne4 42. Ba7 Ke6 43. Kf4 g5+ 44. Kg4 f5+ 45. Kf3 d4 46. g4 Nd2+ 47. Ke2
Nb3 48. gxf5+ Kxf5 49. Kd3 Ke5 50. Bb8+ Kd5 0-1

[Event "Cto. FACV Ind. Segunda Valencia 2014"]
[Site "Valencia ESP"]
[Date "2014.11.22"]
[Round "7.3"]
[White "Garcia Bartolome, Miguel"]
[Black "Seguil Sandoval, Pedro"]
[Result "1-0"]
[WhiteElo "1578"]
[BlackElo "1630"]
[PlyCount "69"]
[EventDate "2014.09.27"]
[EventType "swiss"]
[EventRounds "7"]
[EventCountry "ESP"]

1. e4 c5 2. Nf3 e6 3. d4 cxd4 4. Nxd4 Nc6 5. Nc3 Nf6 6. Be2 Bb4 7. f3 Qa5 8.
Ndb5 d5 9. O-O a6 10. exd5 axb5 11. dxc6 bxc6 12. Ne4 Nxe4 13. fxe4 O-O 14. e5
Be7 15. Bd3 Qb4 16. Kh1 f5 17. exf6 Rxf6 18. Rxf6 Bxf6 19. c3 Qc5 20. Qc2 Qh5
21. Bf4 h6 22. Rd1 e5 23. Bg6 Qg4 24. Bxe5 Be6 25. Bxf6 gxf6 26. Be4 Bc4 27.
Bxc6 Rxa2 28. h3 Qg5 29. Rd8+ Kg7 30. Rd7+ Bf7 31. Rxf7+ Kxf7 32. Qb3+ Kg7 33.
Qxa2 Qc1+ 34. Kh2 Qf4+ 35. g3 1-0

[Event "Cto. FACV Ind. Segunda Valencia 2014"]
[Site "Valencia ESP"]
[Date "2014.11.22"]
[Round "7.4"]
[White "Moyano Gala, Jose"]
[Black "Saugar Rodriguez, Francisco"]
[Result "1/2-1/2"]
[WhiteElo "1584"]
[BlackElo "1620"]
[PlyCount "44"]
[EventDate "2014.09.27"]
[EventType "swiss"]
[EventRounds "7"]
[EventCountry "ESP"]

1. e4 c5 2. Nf3 Nc6 3. d4 cxd4 4. Nxd4 Nxd4 5. Qxd4 e6 6. Nc3 a6 7. Be3 Ne7 8.
Qb6 Qxb6 9. Bxb6 Nc6 10. a3 Be7 11. Be2 O-O 12. O-O Bf6 13. Na4 Bd4 14. c3 Bxb6
15. Nxb6 Rb8 16. Rad1 Rd8 17. Rd6 Kf8 18. Rfd1 Ke8 19. f4 Ke7 20. b4 f6 21. a4
g6 22. Kf2 e5 1/2-1/2

[Event "Cto. FACV Ind. Segunda Valencia 2014"]
[Site "Valencia ESP"]
[Date "2014.11.22"]
[Round "7.8"]
[White "Herrero Garcia, Marcos"]
[Black "Llansol Safon, Vicent"]
[Result "0-1"]
[WhiteElo "1634"]
[BlackElo "1389"]
[PlyCount "86"]
[EventDate "2014.09.27"]
[EventType "swiss"]
[EventRounds "7"]
[EventCountry "ESP"]

1. d4 d5 2. Nf3 Nc6 3. g3 g6 4. Bg2 Bg7 5. O-O Nf6 6. c3 O-O 7. Nbd2 b6 8. Re1
Bb7 9. b4 e6 10. a4 a5 11. b5 Na7 12. Ne5 Nd7 13. Ndf3 f6 14. Ng4 Nc8 15. Nh6+
Bxh6 16. Bxh6 Re8 17. Qc2 e5 18. e3 Nd6 19. Nh4 e4 20. Bf4 Nf7 21. Qe2 g5 22.
Qg4 Bc8 23. Nf5 Nf8 24. h4 h5 25. Qxh5 Bxf5 26. hxg5 Bg6 27. Qg4 fxg5 28. Be5
Qd7 29. Qxd7 Nxd7 30. Bxc7 Rac8 31. Be5 Rxc3 32. Rec1 Rec8 33. Rxc3 Rxc3 34. f4
exf3 35. Bxf3 Be4 36. Bxe4 dxe4 37. Kf2 Nfxe5 38. dxe5 Nxe5 39. Ke2 Rc2+ 40.
Kd1 Rh2 41. Ra3 Rg2 42. Rc3 Ra2 43. Rc8+ Kf7 0-1

[Event "Cto. FACV Ind. Segunda Valencia 2014"]
[Site "Valencia ESP"]
[Date "2014.11.22"]
[Round "7.9"]
[White "Vivo Ippolito, Jose Vicente"]
[Black "Bautista Rodriguez, Jose"]
[Result "1-0"]
[WhiteElo "1356"]
[BlackElo "1594"]
[PlyCount "82"]
[EventDate "2014.09.27"]
[EventType "swiss"]
[EventRounds "7"]
[EventCountry "ESP"]

1. e4 e6 2. d4 d5 3. e5 c5 4. c3 Nc6 5. Nf3 h6 6. Be2 Nge7 7. O-O cxd4 8. Nxd4
Bd7 9. Bd3 Nxe5 10. Bb5 Bxb5 11. Nxb5 N7g6 12. Qa4 Nc6 13. Nd4 Qd7 14. Re1 Be7
15. Nd2 O-O 16. N2f3 Qc7 17. Nb5 Qd8 18. Be3 a6 19. Nbd4 Na5 20. Qc2 Nc4 21.
Bd2 e5 22. Ne6 fxe6 23. Qxg6 Rf6 24. Qg4 e4 25. Nd4 Ne5 26. Qh3 Qd6 27. Re3
Raf8 28. Re2 Nd3 29. Be3 Nf4 30. Bxf4 Rxf4 31. Qxe6+ Qxe6 32. Nxe6 Rxf2 33.
Rxf2 Re8 34. b4 Bf6 35. Nd4 Rc8 36. Rf5 Rxc3 37. Ne2 Rc2 38. Re1 Rxa2 39. Rxd5
Rb2 40. Nf4 Rxb4 41. Kf1 e3 1-0